[Event "Vienna Kavalier op 5th"]
[Site "Vienna"]
[Date "2010.11.02"]
[Round "5"]
[White "Hirsch, Adolf Jr"]
[Black "Rusek, Walter"]
[Result "1-0"]
[WhiteElo "2062"]
[BlackElo "1837"]
[PlyCount "29"]
[EventDate "2010.10.28"]
[EventType "swiss"]
[EventRounds "7"]
[EventCountry "AUT"]
[SourceTitle "EXT 2011"]
[Source "ChessBase"]
[SourceDate "2010.11.26"]
[SourceVersion "1"]
[SourceVersionDate "2010.11.26"]
[SourceQuality "1"]

1. Nf3 d5 2. g3 Nf6 3. Bg2 Bf5 4. c4 c6 5. cxd5 cxd5 6. Qb3 b6 7. Nc3 e6 8. d3 h6 9. Bf4 Bd6 10. Qa4+ Ke7 11. Bxd6+ Qxd6 12. e4 dxe4 13. dxe4 Nxe4 14. Nxe4 Qd3 15. Qb4+ 1-0

[Event "EU-chT Seniors 11th"]
[Site "Velden"]
[Date "2009.04.10"]
[Round "6"]
[White "Hirsch, Adolf Jr"]
[Black "Van Dongen, Rob"]
[Result "1/2-1/2"]
[WhiteElo "2057"]
[BlackElo "1947"]
[PlyCount "99"]
[EventDate "2009.04.05"]
[EventType "team-swiss"]
[EventRounds "9"]
[EventCountry "AUT"]
[SourceTitle "CBM 129 Extra"]
[Source "ChessBase"]
[SourceDate "2009.05.05"]
[SourceVersion "2"]
[SourceVersionDate "2009.05.20"]
[SourceQuality "1"]

1. Nf3 c5 2. g3 Nc6 3. Bg2 Nf6 4. 0-0 g6 5. c4 Bg7 6. Nc3 0-0 7. d4 Nxd4 8. Nxd4 cxd4 9. Qxd4 d6 10. Qd3 a6 11. b3 Bf5 12. Qd2 Ne4 13. Bxe4 Bxe4 14. Bb2 Bc6 15. Rad1 Rc8 16. a4 Qd7 17. Nd5 Bxd5 18. Bxg7 Kxg7 19. Qxd5 Qc6 20. Qd4+ f6 21. Rd3 h5 22. h4 Kf7 23. Rfd1 Rg8 24. Qd5+ Qxd5 25. Rxd5 g5 26. hxg5 Rxg5 27. Kg2 Rcg8 28. R1d4 Rxd5 29. cxd5 Rg4 30. Rd3 f5 31. Kh3 Re4 32. e3 Kf6 33. f4 Rb4 34. Kg2 e6 35. dxe6 Kxe6 36. Kh3 b5 37. a5 Re4 38. Kh4 d5 39. Kg5 b4 40. Kg6 d4 41. exd4 Kd5 42. Kxf5 Re8 43. Rd1 Re3 44. Rh1 Rxg3 45. Rxh5 Rxb3 46. Rh6 Rd3 47. Rxa6 b3 48. Kf6 Kxd4 49. Rb6 Kc3 50. f5 1/2-1/2

[Event "Voesendorf op-A 11th"]
[Site "Voesendorf"]
[Date "2008.05.25"]
[Round "5"]
[White "Hirsch, Adolf Jr"]
[Black "Meisinger, Thomas"]
[Result "1-0"]
[WhiteElo "2082"]
[BlackElo "2034"]
[PlyCount "83"]
[EventDate "2008.05.22"]
[EventType "swiss"]
[EventRounds "5"]
[EventCountry "AUT"]
[SourceTitle "CBM 124 Extra"]
[Source "ChessBase"]
[SourceDate "2008.07.03"]
[SourceVersion "1"]
[SourceVersionDate "2008.07.03"]
[SourceQuality "1"]

1. Nf3 Nf6 2. g3 g6 3. Bg2 Bg7 4. d4 d6 5. 0-0 0-0 6. c4 Nbd7 7. Qc2 e5 8. Rd1 Qe7 9. b3 Re8 10. Nc3 exd4 11. Nxd4 Nc5 12. Bg5 c6 13. Rd2 h6 14. Bxf6 Bxf6 15. Rad1 Bg4 16. b4 Na6 17. a3 Rad8 18. h3 Bc8 19. b5 Bxd4 20. Rxd4 Nb8 21. Qd2 Kg7 22. Rxd6 Rxd6 23. Qxd6 Qxd6 24. Rxd6 cxb5 25. cxb5 a6 26. a4 axb5 27. axb5 Re5 28. Rd8 Rc5 29. Ne4 Rc1+ 30. Kh2 Nd7 31. Nd6 Nb6 32. Nxc8 Nxc8 33. Bxb7 Ne7 34. Be4 Rc4 35. Bd3 Rb4 36. f4 g5 37. Rd7 Ng8 38. f5 Nf6 39. Rd8 Nh5 40. Kg2 Kf6 41. Rd6+ Kg7 42. e4 1-0

[Event "Voesendorf op-A 11th"]
[Site "Voesendorf"]
[Date "2008.05.22"]
[Round "2"]
[White "Hirsch, Adolf Jr"]
[Black "Neff, Gregor"]
[Result "1-0"]
[WhiteElo "2082"]
[BlackElo "2135"]
[PlyCount "135"]
[EventDate "2008.05.22"]
[EventType "swiss"]
[EventRounds "5"]
[EventCountry "AUT"]
[SourceTitle "CBM 124 Extra"]
[Source "ChessBase"]
[SourceDate "2008.07.03"]
[SourceVersion "1"]
[SourceVersionDate "2008.07.03"]
[SourceQuality "1"]

1. Nf3 Nf6 2. g3 c5 3. Bg2 g6 4. 0-0 Bg7 5. c3 0-0 6. d4 cxd4 7. cxd4 d5 8. Nc3 Nc6 9. Ne5 e6 10. f4 Bd7 11. b3 Qa5 12. Na4 Nxe5 13. fxe5 Ne4 14. Bxe4 Bxa4 15. Bg2 Bd7 16. Bg5 Rfc8 17. Rf3 Rc7 18. Bd2 Qb6 19. e3 Rac8 20. Bf1 Bb5 21. Qe1 Rc2 22. Qf2 R8c7 23. a4 Be8 24. Bd3 Rb2 25. b4 Rc8 26. h4 a6 27. Rf1 Qc7 28. Qh2 Bf8 29. h5 Bxb4 30. hxg6 hxg6 31. Qh6 Bf8 32. Qh2 Bb4 33. Qh6 Bf8 34. Qh2 Bg7 35. R3f2 Rb3 36. Bb1 Qe7 37. Kg2 Rb2 38. Rh1 Qg5 39. Qh7+ Kf8 40. Rhf1 Rxd2 41. Rxd2 Rc3 42. Qxg6 Qxg6 43. Bxg6 Kg8 44. Bh5 Rxe3 45. Rdf2 Re4 46. Bxf7+ Bxf7 47. Rxf7 Rxd4 48. Rxb7 Rd2+ 49. Kh3 Rd3 50. Rc1 Rf3 51. Rc8+ Rf8 52. Rxf8+ Kxf8 53. Rb6 Kf7 54. Rxa6 Bxe5 55. Kg4 Kf6 56. Kf3 Bd4 57. g4 Kf7 58. Rc6 e5 59. a5 e4+ 60. Kf4 Bg1 61. a6 e3 62. Kf3 d4 63. Ke2 Ke7 64. a7 d3+ 65. Kxd3 e2 66. Kxe2 Bxa7 67. Rc7+ Ke6 68. Rxa7 1-0